Normal view
MARC view
- FOURIER TRANSFORMATIONS, DIFFERENTIAL EQUATIONS
Entry Topical Term
001 - CONTROL NUMBER
- control field: 61751
003 - CONTROL NUMBER IDENTIFIER
- control field: NUST
005 - DATE AND TIME OF LATEST TRANSACTION
- control field: 20210628202818.0
008 - FIXED-LENGTH DATA ELEMENTS
- fixed length control field: 210628|| aca||aabn | a|a d
040 ## - CATALOGING SOURCE
- Original cataloging agency: NUST
- Transcribing agency: NUST
150 ## - HEADING--TOPICAL TERM
- Topical term or geographic name entry element: FOURIER TRANSFORMATIONS, DIFFERENTIAL EQUATIONS
670 ## - SOURCE DATA FOUND
- Source citation: Work cat.: (NUST): Duffy, Dean G 8868, Transform methods for solving partial differential equations, 2004
